000 00381nam a22001697a 4500
003 MPLRDC
005 20220104114541.0
008 210129b ||||| |||| 00| 0 eng d
082 _a857.7 LYD
100 _a李云德著
245 _a银锁链传奇
_c
250 _a一版一刷
260 _a
_b花城出版社
_c1985
300 _b
650 _a
942 _cBK
_o857.7 LYD
999 _c8360
_d8350